Normal view
MARC view
- Hazardous substances
Entry Topical Term
001 - CONTROL NUMBER
- control field: 22023
003 - CONTROL NUMBER IDENTIFIER
- control field: NUST
005 - DATE AND TIME OF LATEST TRANSACTION
- control field: 20190930114301.0
008 - FIXED-LENGTH DATA ELEMENTS
- fixed length control field: 190930|| aca||aabn | a|a d
040 ## - CATALOGING SOURCE
- Original cataloging agency: NUST
- Transcribing agency: NUST
150 ## - HEADING--TOPICAL TERM
- Topical term or geographic name entry element: Hazardous substances
- General subdivision: Transportation
- General subdivision: Accidents.
670 ## - SOURCE DATA FOUND
- Source citation: Work cat.: (NUST)0: Russell, Eugene. 22021, Highway maintenance procedures dealing with hazardous material incidents /, 1994.
